|
|
|
|
| LEADER |
01227nam a2200253 a 4500 |
| 001 |
AAL9398 |
| 003 |
BD-DhAAL |
| 005 |
20171105120523.0 |
| 008 |
171105s2008 bg b 000 0 ben |
| 999 |
|
|
|c 38518
|d 38518
|
| 040 |
|
|
|a BD-DhAAL
|c BD-DhAAL
|
| 041 |
0 |
|
|a ben
|
| 082 |
0 |
0 |
|a 954.9/205
|2 22
|
| 245 |
1 |
0 |
|a মুক্তিযুদ্ধের ইতিহাস /
|c পরিচালনা ঃ মাহফূজূর রহমান
|
| 260 |
|
|
|a ঢাকা :
|b এ টি এ বাংলা,
|
| 300 |
|
|
|a 1 videodisc :
|b sd., col. ;
|c 4 3/4 in.
|
| 651 |
|
0 |
|a Bangladesh
|x History
|y Revolution, 1971.
|9 22735
|
| 700 |
|
|
|a রহমান, মাহফূজূর
|9 23424
|
| 852 |
1 |
|
|a Savar Campus Library
|c General Shelf.
|
| 541 |
|
|
|e ৯৩৯৮
|
| 942 |
|
|
|2 ddc
|c AV
|
| 952 |
|
|
|0 0
|1 0
|2 ddc
|4 0
|6 954_900000000000000_205_MUK
|7 0
|9 61757
|a SCL
|b SCL
|c AV
|d 2017-11-05
|l 0
|o 954.9205 MUK
|p 4020009398
|r 2017-11-05
|t 1
|w 2017-11-05
|y AV
|
| 952 |
|
|
|0 0
|1 0
|2 ddc
|4 0
|6 954_900000000000000_205_MUK
|7 0
|9 61758
|a SCL
|b SCL
|c AV
|d 2017-11-05
|l 0
|o 954.9205 MUK
|p 4020009399
|r 2017-11-05
|t 2
|w 2017-11-05
|y AV
|
| 952 |
|
|
|0 0
|1 0
|2 ddc
|4 0
|6 954_900000000000000_205_MUK
|7 0
|9 61759
|a SCL
|b SCL
|c AV
|d 2017-11-05
|l 0
|o 954.9205 MUK
|p 4020009400
|r 2017-11-05
|t 3
|w 2017-11-05
|y AV
|